| 000 | 00662nam a2200181Ia 4500 | ||
|---|---|---|---|
| 008 | 090122s9999 xx 000 0 und d | ||
| 082 |
_b3036 _a920.71 |
||
| 100 |
_aसोहनी _bलिना _c(अनु) |
||
| 245 | _aनॉट विदाऊट माय डॉटर | ||
| 260 |
_bमेहता पब्लिशिंग हाऊस _c1997 |
||
| 300 | _a304 | ||
| 501 | _aदेणगी - ज्ञानदा प्रकाशन | ||
| 600 | _aसोहनी | ||
| 630 | _aनॉट विदाऊट माय डॉटर | ||
| 700 | _aसोहनी | ||
| 730 | _aनॉट विदाऊट माय डॉटर | ||
| 942 | _cBOOK | ||
| 999 |
_c27114 _d27114 |
||